00625nam a22001817a 450000500170000001000130001702000260003003500130005603700100006908200120007910000260009124501400011726000430025727000570030030000280035750000400038570000180042520110905141933.0 aG-001362 a9788172335441c250.00 aG-001362 bGift  a303.372 aJain, Rajendra Kumar  aHuman development capability poverty:cby Rajendra Kumar Jain [and] Bharti Jain bassessment and its relationship with income poverty / aJodhpur bScientific Publishers c2008 a5-A, New Pali Road, P.O. Box, 91, bJodhpur e342001 aviii, 107p. c22cm (Hb) aIncludes bibliographical references a Jain, Bharti